000
003480000a22001570004500
005
20120302055209.0
942
_c
BOOK
100
_a
Suru,Na.Go.
245
_a
Praachina Saahityaachyaa Nandanvanaata
260
_a
Pune:Vhinas,1975.
300
_a
63p.
040
_a
MAR
365
_b
10/-
650
_a
Saahitya
650
_a
Praachina Saahitya
999
_c
347752
_d
347749